000 00541nam a2200181Ia 4500
999 _c6867
_d6867
003 OSt
005 20201118152926.0
008 190216s9999||||xx |||||||||||||| ||und||
020 _a9788121903967
020 _a9788121911009
040 _coclc
082 _a657
_bSHU/A
100 _aShukla, M C
_91149
245 0 _aAdvanced Accounts vol 1 & vol 2 /
_cMC Shukla ; T S Grewal ; S C Gupta
260 _bS Chand & Company,
_c2006.
_aNew Delhi:
650 _xAccounting
_92459
942 _cBK
_2ddc
_h657
_iSHU/A
_k657
_mSHU/A